| 000 | 00479nam a2200145 4500 | ||
|---|---|---|---|
| 001 | 2405 | ||
| 005 | 20181127165102.0 | ||
| 100 | 0 | 0 | _aCooper, James Fenimore. |
| 245 | 0 | 0 |
_aThe prairie / _b _cJames Fenimore Cooper. _h |
| 260 | 0 | 0 |
_aNew York : _bSignet, _c1964. |
| 300 | 0 | 0 | _avii, 415 p. |
| 500 | 0 | 0 | _aIncludes bibliographical references. |
| 600 |
_aBumppo, Natty (Fictitious character) --Fiction. _b _c _d _e _f _k _l _m _n _o _p _q _r _s _t _v _x _y _z _2 |
||
| 650 | 0 | 0 |
_aIndians of North America --Fiction. _x |
| 999 |
_c1928 _d1928 |
||